00417nam a2200181Ia 4500008004100000020001800041050001400059100002200073245001500095245002200110260001600132260001800148260000900166300001500175300002700190300001100217500000700228170918s9999 xx 000 0 und d a9780736882248 bS294 1999 aSchaefer, Lola M. aBrothers / cLola M. Schaefer. aMinnesota : bPebble Books, c1999 a24 pages : bcolored illustration ; c18cm.  aBR